[Event "Munich 10122021"]
[Site "SchemingMind.com"]
[Date "2022.01.01"]
[Round "-"]
[White "demitri"]
[Black "spoke"]
[Result "1-0"]
[WhiteCountry "USA"]
[BlackCountry "GER"]
[WhiteElo "1853"]
[WhiteRD "127"]
[BlackElo "1741"]
[BlackRD "71"]
[GameID "718998"]

1. d4 Nf6 2. Nf3 d5 3. g3 g6 4. Bg2 Bg7 5. O-O O-O 6. Nc3 Nc6 7. Bg5 a6 8. Rc1 Re8 9. Re1 Qd6 10. Bf4 Qd7
11. e4 Nxe4 12. Nxe4 dxe4 13. Rxe4 f5 14. Re1 e6 15. c4 Nxd4 16. Ne5 Bxe5 17. Bxe5 Nc6 18. Bc3 Qxd1 19. Rcxd1 Rd8 20. Bxc6 Rxd1
21. Rxd1
1-0

[Event "Munich 10122021"]
[Site "SchemingMind.com"]
[Date "2022.01.01"]
[Round "-"]
[White "spoke"]
[Black "demitri"]
[Result "1-0"]
[WhiteCountry "GER"]
[BlackCountry "USA"]
[WhiteElo "1741"]
[WhiteRD "71"]
[BlackElo "1853"]
[BlackRD "127"]
[GameID "718999"]

1. e4 e5 2. Nf3 Nc6 3. Bc4 Bc5 4. d3 Nf6 5. c3 O-O 6. b4 Bd6 7. Bg5 h6 8. Bh4 a6 9. Nbd2 Be7 10. O-O b5
11. Bb3 Nb8 12. Nxe5 d6 13. Ng6
1-0

[Event "Munich 10122021"]
[Site "SchemingMind.com"]
[Date "2022.01.01"]
[Round "-"]
[White "Robert Bruce"]
[Black "Wojtek26"]
[Result "1-0"]
[WhiteCountry "SCO"]
[BlackCountry "POL"]
[WhiteElo "2357"]
[WhiteRD "68"]
[BlackElo "1323"]
[BlackRD "62"]
[GameID "719012"]

1. e4 e5 2. f4 exf4 3. Nf3 d6 4. d4 Bg4 5. Bxf4 Nc6 6. Bb5 Ne7 7. O-O Ng6 8. Bg3 Be7 9. h3 Bxf3 10. Qxf3 O-O
11. c3 a6 12. Bc4
1-0

[Event "Munich 10122021"]
[Site "SchemingMind.com"]
[Date "2022.01.01"]
[Round "-"]
[White "Wojtek26"]
[Black "Robert Bruce"]
[Result "0-1"]
[WhiteCountry "POL"]
[BlackCountry "SCO"]
[WhiteElo "1323"]
[WhiteRD "62"]
[BlackElo "2357"]
[BlackRD "68"]
[GameID "719013"]

1. d4 Nf6 2. c4 c5 3. e3 g6 4. Nf3 Bg7 5. Be2 cxd4 6. exd4 d5 7. O-O O-O 8. c5 Ne4 9. Nbd2 b6 10. Nb3 bxc5
11. Nxc5 Nxc5 12. dxc5 a6 13. Bd3 Nc6
0-1

[Event "Munich 10122021"]
[Site "SchemingMind.com"]
[Date "2022.01.02"]
[Round "-"]
[White "Randy Bahr"]
[Black "Arnold Jones"]
[Result "1-0"]
[WhiteCountry "USA"]
[BlackCountry "ENG"]
[WhiteElo "1917"]
[WhiteRD "77"]
[BlackElo "1478"]
[BlackRD "66"]
[GameID "719016"]

1. c4 Nf6 2. Nc3 e6 3. e4 c5 4. e5 Ng8 5. Nf3 Nc6 6. d4 cxd4 7. Nxd4 Nxe5 8. Bf4 Qf6 9. Qd2 Bc5 10. Ndb5 Kd8
11. Ne4 Qh4 12. Nxc5 f6 13. Nxe6+ Ke7 14. Nec7 Rb8 15. Qd6+ Kf7 16. Qd5+ Kg6 17. Qe4+ Kh5 18. Qf5+ g5 19. Bxe5 fxe5 20. g4+ Kh6
21. Qf8+ Kg6 22. Bd3+
1-0

[Event "Munich 10122021"]
[Site "SchemingMind.com"]
[Date "2022.01.02"]
[Round "-"]
[White "Arnold Jones"]
[Black "Randy Bahr"]
[Result "0-1"]
[WhiteCountry "ENG"]
[BlackCountry "USA"]
[WhiteElo "1478"]
[WhiteRD "66"]
[BlackElo "1917"]
[BlackRD "77"]
[GameID "719017"]

1. d4 Nf6 2. Nf3 e6 3. c4 b6 4. e3 Bb7 5. Nc3 d5 6. Be2 Nbd7 7. O-O Bd6 8. Qc2 dxc4 9. Nd2 h5 10. Nxc4 Bxh2+
11. Kh1 Ng4 12. e4 Qh4 13. g3 Bxg3+ 14. Kg2 Qh2+ 15. Kf3 Bxf2
0-1

[Event "Munich 10122021"]
[Site "SchemingMind.com"]
[Date "2022.01.04"]
[Round "-"]
[White "William Lindberg"]
[Black "Kevin Powers"]
[Result "1-0"]
[WhiteCountry "USA"]
[BlackCountry "CUB"]
[WhiteElo "2469"]
[WhiteRD "66"]
[BlackElo "1022"]
[BlackRD "101"]
[GameID "719154"]

1. c4 e6 2. d4 f5 3. g3 Nf6 4. Nf3 d5 5. Nc3 c6 6. Bf4 Be7 7. e3 O-O 8. h4 Ne4 9. Bd3 Nd7 10. Rc1 Ndf6
11. Ne5 Bd7 12. O-O Be8 13. c5
1-0

[Event "Munich 10122021"]
[Site "SchemingMind.com"]
[Date "2022.01.04"]
[Round "-"]
[White "Kevin Powers"]
[Black "William Lindberg"]
[Result "0-1"]
[WhiteCountry "CUB"]
[BlackCountry "USA"]
[WhiteElo "1022"]
[WhiteRD "101"]
[BlackElo "2469"]
[BlackRD "66"]
[GameID "719155"]

1. d4 d5 2. e3 Bf5 3. Bd3 e6 4. Nf3 Nf6 5. c4 Bb4+ 6. Nc3 dxc4 7. Bxc4 O-O 8. O-O c5 9. Qe2 cxd4 10. Nxd4 Bg6
11. Rd1 Nbd7 12. Bd2 Qe7 13. a3 Bd6
0-1

[Event "Munich 10122021"]
[Site "SchemingMind.com"]
[Date "2022.01.04"]
[Round "-"]
[White "ray winteringham"]
[Black "Derek Price"]
[Result "0-1"]
[WhiteCountry "ENG"]
[BlackCountry "ENG"]
[WhiteElo "1457"]
[WhiteRD "49"]
[BlackElo "2295"]
[BlackRD "67"]
[GameID "719231"]

1. e4 c5 2. Nc3 Nc6 3. Bc4 e6 4. Nf3 a6 5. a3 b5 6. Be2 Qb6 7. d3 Bb7 8. Be3 Nf6 9. h3 Qc7 10. Qd2 Be7
11. O-O-O O-O 12. g4 b4 13. axb4 Nxb4 14. b3 d5 15. exd5 Nbxd5 16. Nb1 a5 17. c4 Nxe3 18. fxe3 a4 19. Qb2 Bc6 20. Na3 Rfb8
21. Nd2 Bxh1 22. Nb5 Rxb5 23. cxb5 a3 24. Qa2 Qh2 25. Nc4 Nd5 26. Rd2 Bg5 27. Bf3 Qg1+ 28. Rd1 Bxe3+ 29. Nxe3 Qxe3+
0-1

[Event "Munich 10122021"]
[Site "SchemingMind.com"]
[Date "2022.01.04"]
[Round "-"]
[White "Derek Price"]
[Black "ray winteringham"]
[Result "1-0"]
[WhiteCountry "ENG"]
[BlackCountry "ENG"]
[WhiteElo "2295"]
[WhiteRD "67"]
[BlackElo "1457"]
[BlackRD "49"]
[GameID "719232"]

1. c4 c5 2. Nf3 Nf6 3. Nc3 d5 4. cxd5 Nxd5 5. g3 Nxc3 6. bxc3 g6 7. Bg2 Bg7 8. O-O Nc6 9. Rb1 b6 10. Ne5 Bxe5
11. Bxc6+ Bd7 12. Bxa8 Qxa8 13. d4 Bh3 14. f3 Bd6 15. Rf2 f6 16. Bf4 Bxf4 17. gxf4 O-O 18. e4 f5 19. e5 Rd8 20. Rd2 cxd4
21. cxd4 e6 22. Kf2 h5 23. Kg3 Bg4 24. fxg4 hxg4 25. Qh1 Qb8 26. Qc6 Re8 27. Rc1
1-0

[Event "Munich 10122021"]
[Site "SchemingMind.com"]
[Date "2022.01.09"]
[Round "-"]
[White "Helga1946"]
[Black "frankly"]
[Result "0-1"]
[WhiteCountry "GER"]
[BlackCountry "ENG"]
[WhiteElo "2315"]
[WhiteRD "76"]
[BlackElo "2556"]
[BlackRD "81"]
[GameID "719236"]

1. Nf3 d5 2. d4 Nf6 3. c4 e6 4. Nc3 c6 5. e3 Nbd7 6. Bd3 dxc4 7. Bxc4 b5 8. Be2 Bb7 9. O-O Be7 10. a3 a5
11. Qc2 O-O 12. b3 b4 13. axb4 axb4 14. Na4 c5 15. Bb2 Rc8 16. Bc4 cxd4 17. Nxd4 Qc7 18. Qe2 Qb8 19. Rac1 Qa8 20. Nf3 Rfd8
21. Bb5 Rb8 22. Bc4 Rbc8 23. Bb5 Qa5 24. Nd4 Nc5 25. Nxc5 Bxc5 26. Ra1 Qb6 27. Rfc1 Ne4 28. Nf3 Be7 29. Rxc8 Rxc8 30. Bd4 Bc5
31. Rc1 Rd8 32. Bb2 Be7 33. Bd3 h6 34. Ne1 Bf8 35. Bd4 Qa5 36. Ra1 Qd5 37. Bc4 Qc6 38. h3 Nd6 39. Bd3 Qd5 40. Qc2 Rc8
41. Qd1 e5 42. Bb2 Rb8 43. Be2 f6 44. Nf3 Be7 45. Kh2 Qxd1 46. Rxd1 Ra8 47. Nh4 Be4 48. f4 Ra2 49. Rd2 Kf7 50. Nf3 Ke6
51. fxe5 fxe5 52. Bc3 bxc3 53. Rxa2 Bb1 54. Ra6 c2 55. Rc6 Kd5 56. Rc3 Ne4 57. Rc4 Ba3 58. Bd3 c1=Q 59. Rxc1 Bxd3 60. Rd1 Nc5
61. Ra1 Bb2 62. Ra7 e4 63. Nd2 Bc1 64. Ra2 Kc6 65. b4 Ne6 66. Nf1 Nc7 67. Kg3 Kd6 68. Kf2 Bxf1 69. Ra1 Bxe3+ 70. Kxe3 Bxg2
71. Rg1 Nd5+ 72. Kd4 Nf4 73. Ra1 Kc6 74. Ra7 h5 75. Rf7 Ne6+ 76. Ke3 Bxh3 77. Rf2 Kb5 78. Kxe4 Kxb4 79. Ke5 g6 80. Rc2 Bf5
81. Rc6 h4 82. Rc1 h3
0-1

[Event "Munich 10122021"]
[Site "SchemingMind.com"]
[Date "2022.01.09"]
[Round "-"]
[White "frankly"]
[Black "Helga1946"]
[Result "1-0"]
[WhiteCountry "ENG"]
[BlackCountry "GER"]
[WhiteElo "2568"]
[WhiteRD "85"]
[BlackElo "2289"]
[BlackRD "74"]
[GameID "719237"]

1. e4 e5 2. Nf3 Nc6 3. Bb5 a6 4. Ba4 Be7 5. O-O Nf6 6. Re1 O-O 7. Bxc6 dxc6 8. Nxe5 Nd7 9. Nf3 Bd6 10. e5 Be7
11. Nc3 Nb6 12. h3 Nd5 13. Ne4 f5 14. exf6 Nxf6 15. Ng3 b5 16. d4 c5 17. a4 bxa4 18. Qe2 Re8 19. dxc5 Qd5 20. Be3 Bd7
21. c4 Qb7 22. Ne5 Bc6 23. Bd4 Rad8 24. Qe3 Bf8 25. Qf4 Re6 26. Nf5 Rde8 27. f3 g6 28. Nh6+ Bxh6 29. Qxh6
1-0

[Event "Munich 10122021"]
[Site "SchemingMind.com"]
[Date "2022.01.07"]
[Round "-"]
[White "Goz"]
[Black "wight knight"]
[Result "0-1"]
[WhiteCountry "ENG"]
[BlackCountry "ENG"]
[WhiteElo "1458"]
[WhiteRD "69"]
[BlackElo "1288"]
[BlackRD "64"]
[GameID "719259"]

1. d4 e6 2. e4 Nf6 3. Bd3 Nc6 4. Nf3 Nb4 5. c4 Nxd3+ 6. Ke2 Nxc1+ 7. Qxc1 Nxe4 8. Nc3 Nxc3+ 9. Qxc3 f6 10. Rhe1 a5
11. Kf1 Bb4 12. Qe3 Bxe1 13. Rxe1 b6 14. Qe4 c6 15. Qg4 a4 16. Qxg7 Rf8 17. Qxh7 Qe7 18. Qh6 Ba6 19. Qg6+ Qf7 20. Qd3 d5
21. b3 axb3 22. axb3 dxc4 23. bxc4 b5 24. Qe4 Bb7 25. cxb5 cxb5 26. Qd3 Bxf3 27. Qxf3 Rb8 28. d5 e5 29. d6 Rd8 30. Qa3 Qd7
31. Rd1 Qe6 32. g3 Kf7 33. Kg2 Rh8 34. g4 Qxg4+
0-1

[Event "Munich 10122021"]
[Site "SchemingMind.com"]
[Date "2022.01.06"]
[Round "-"]
[White "wight knight"]
[Black "Goz"]
[Result "0-1"]
[WhiteCountry "ENG"]
[BlackCountry "ENG"]
[WhiteElo "1288"]
[WhiteRD "64"]
[BlackElo "1458"]
[BlackRD "69"]
[GameID "719260"]

1. e4 c5 2. Bc4 e6 3. Nf3 Nf6 4. d3 Be7 5. Bg5 Nh5 6. Bxe7 Qxe7 7. d4 Nf4 8. g3 Nh3 9. b3 O-O 10. Nc3 a6
11. Qd3 b5 12. Nxb5 axb5 13. Bxb5 d6 14. e5 d5 15. O-O-O Bd7 16. Bxd7 Qxd7 17. Rd2 Rxa2 18. Kb1 Qa7
0-1

[Event "Munich 10122021"]
[Site "SchemingMind.com"]
[Date "2022.01.07"]
[Round "-"]
[White "AussieMossie"]
[Black "Ragged Rook"]
[Result "1-0"]
[WhiteCountry "AUS"]
[BlackCountry "ENG"]
[WhiteElo "2647"]
[WhiteRD "94"]
[BlackElo "1892"]
[BlackRD "95"]
[GameID "719272"]

1. e4 a6 2. d4 h6 3. c4 c5 4. d5 d6 5. Bd3 g5 6. Nc3 Bg7 7. f4 Nd7 8. Nf3 g4 9. Nh4 Bxc3+ 10. bxc3 Ngf6
11. Qe2 Qc7 12. O-O h5 13. e5 dxe5 14. fxe5 Qxe5 15. Qc2 Nxd5 16. cxd5 Qxd5 17. Nf5 Ne5 18. Be4 Qd8 19. Bf4 Bxf5 20. Bxf5 Nc6
21. Rad1 Qa5 22. Be6 Nd8 23. Rxd8+ Rxd8 24. Bxf7+ Kd7 25. Qg6
1-0

[Event "Munich 10122021"]
[Site "SchemingMind.com"]
[Date "2022.01.07"]
[Round "-"]
[White "Ragged Rook"]
[Black "AussieMossie"]
[Result "0-1"]
[WhiteCountry "ENG"]
[BlackCountry "AUS"]
[WhiteElo "1892"]
[WhiteRD "95"]
[BlackElo "2647"]
[BlackRD "94"]
[GameID "719273"]

1. h3 e5 2. d3 d5 3. Nd2 c5 4. c4 d4 5. Ngf3 Nc6 6. g4 g6 7. Bg2 f5 8. gxf5 gxf5 9. Nf1 e4 10. dxe4 fxe4
11. Ng5 e3 12. Ne4 Qa5+
0-1

[Event "Munich 10122021"]
[Site "SchemingMind.com"]
[Date "2022.01.25"]
[Round "-"]
[White "AussieMossie"]
[Black "wight knight"]
[Result "1-0"]
[WhiteCountry "AUS"]
[BlackCountry "ENG"]
[WhiteElo "2647"]
[WhiteRD "94"]
[BlackElo "1288"]
[BlackRD "64"]
[GameID "720140"]

1. e4 e5 2. Nf3 f6 3. Nxe5 g6 4. Nf3 d6 5. Bc4 c6 6. Nc3 Bg4 7. O-O Bxf3 8. Qxf3 b5 9. Bb3 a5 10. a4 b4
11. Ne2 c5 12. d4 Bh6 13. Bxh6 Nxh6 14. e5 Ra7 15. exd6 Qxd6 16. dxc5 Qc7 17. Nd4 f5 18. Rae1+ Kd7 19. c6+ Kc8 20. Be6+ Nd7
21. cxd7+ Kd8 22. Nc6+
1-0

[Event "Munich 10122021"]
[Site "SchemingMind.com"]
[Date "2022.01.26"]
[Round "-"]
[White "wight knight"]
[Black "AussieMossie"]
[Result "0-1"]
[WhiteCountry "ENG"]
[BlackCountry "AUS"]
[WhiteElo "1288"]
[WhiteRD "64"]
[BlackElo "2647"]
[BlackRD "94"]
[GameID "720141"]

1. e4 c5 2. Bc4 e6 3. Nf3 Nf6 4. h3 Nxe4 5. h4 d5 6. Bd3 Nc6 7. Bxe4 dxe4 8. b3 exf3 9. gxf3 Qf6 10. c3 Ne5
11. Rh3 Nd3+ 12. Kf1 e5 13. Ba3 Bxh3+ 14. Ke2 e4 15. fxe4 Bg4+
0-1

[Event "Munich 10122021"]
[Site "SchemingMind.com"]
[Date "2022.01.27"]
[Round "-"]
[White "Robert Bruce"]
[Black "Randy Bahr"]
[Result "1-0"]
[WhiteCountry "SCO"]
[BlackCountry "USA"]
[WhiteElo "2410"]
[WhiteRD "67"]
[BlackElo "1885"]
[BlackRD "80"]
[GameID "720160"]

1. f4 e5 2. e4 exf4 3. Nf3 h5 4. d4 g5 5. h4 g4 6. Ne5 Qe7 7. Nc3 Bh6 8. Bc4 Rh7 9. Nd5 Qd8 10. Nxf4 d6
11. Nxf7 Rxf7 12. O-O Rf6 13. Bxg8 Bxf4 14. Bxf4 Rxf4 15. Rxf4 Qxh4 16. Qf1 c6 17. Rf8+ Kd7 18. Qf7+ Qe7 19. Rf1
1-0

[Event "Munich 10122021"]
[Site "SchemingMind.com"]
[Date "2022.01.27"]
[Round "-"]
[White "Randy Bahr"]
[Black "Robert Bruce"]
[Result "0-1"]
[WhiteCountry "USA"]
[BlackCountry "SCO"]
[WhiteElo "1885"]
[WhiteRD "80"]
[BlackElo "2410"]
[BlackRD "67"]
[GameID "720161"]

1. c4 c5 2. Nf3 Nc6 3. Nc3 g6 4. e3 Nf6 5. d4 b6 6. d5 Na5 7. e4 Bg7 8. Bd3 d6 9. O-O Nh5 10. Be2 h6
11. Nh4 Bxc3 12. bxc3 e5 13. Nxg6 fxg6 14. Bxh5 gxh5 15. Qxh5+ Kd7 16. f4 Qe8 17. Qe2 Kc7 18. f5 Ba6 19. Qg4 Qf7 20. f6 Rag8
21. Qe6 Rf8 22. Rf3 Bxc4 23. Qxf7+ Rxf7 24. Bb2 Rhf8
0-1

[Event "Munich 10122021"]
[Site "SchemingMind.com"]
[Date "2022.02.25"]
[Round "-"]
[White "demitri"]
[Black "William Lindberg"]
[Result "0-1"]
[WhiteCountry "USA"]
[BlackCountry "USA"]
[WhiteElo "1793"]
[WhiteRD "84"]
[BlackElo "2460"]
[BlackRD "66"]
[GameID "721009"]

1. d4 Nf6 2. Nf3 d5 3. e3 e6 4. Bd3 b6 5. O-O Bb7 6. c4 Bd6 7. Nc3 O-O 8. Qc2 dxc4 9. Bxc4 c5 10. Rd1 cxd4
11. Nxd4 Qc7 12. Bf1 Bxh2+ 13. Kh1 Ng4
0-1

[Event "Munich 10122021"]
[Site "SchemingMind.com"]
[Date "2022.02.25"]
[Round "-"]
[White "William Lindberg"]
[Black "demitri"]
[Result "1-0"]
[WhiteCountry "USA"]
[BlackCountry "USA"]
[WhiteElo "2460"]
[WhiteRD "66"]
[BlackElo "1793"]
[BlackRD "84"]
[GameID "721010"]

1. c4 c5 2. Nf3 Nf6 3. Nc3 e6 4. e4 Nc6 5. Be2 Be7 6. d4 cxd4 7. Nxd4 O-O 8. O-O Bb4 9. Nxc6 bxc6 10. e5 Ne4
11. Nxe4 Bb7 12. c5 f6 13. exf6 gxf6 14. Qb3
1-0

[Event "Munich 10122021"]
[Site "SchemingMind.com"]
[Date "2022.03.21"]
[Round "-"]
[White "William Lindberg"]
[Black "Robert Bruce"]
[Result "1-0"]
[WhiteCountry "USA"]
[BlackCountry "SCO"]
[WhiteElo "2427"]
[WhiteRD "66"]
[BlackElo "2400"]
[BlackRD "65"]
[GameID "721768"]

1. e4 e5 2. Nf3 d5 3. exd5 Bd6 4. d4 e4 5. Ne5 Nf6 6. Bb5+ c6 7. dxc6 bxc6 8. Ba4 O-O 9. O-O c5 10. Bf4 Bc7
11. c3 Be6 12. Bg3 cxd4 13. cxd4 Bb6 14. Nc3 Bxd4 15. Bc6 Bg4 16. Nxg4 Nxc6 17. Bh4 Re8 18. Qa4 Qd7 19. Nxf6+ gxf6 20. Rad1 Re6
21. Ne2 Rd8 22. Bg3 e3 23. f3 f5 24. Kh1 f4 25. Bxf4 Qd5 26. Bc7 Rd7 27. Bg3 Qc5 28. Rc1 Qb6 29. Rfd1 Rd8 30. f4 Rd5
31. f5 Rf6 32. Bh4 Rfd6 33. Bg3 Rf6 34. h3 Ra5 35. Qc4 Rc5 36. Qd3 Rxc1 37. Rxc1 Qxb2 38. Rc2 Qb6 39. Rc4 Bc5 40. Nc3 e2
41. Qxe2 Bd4 42. Bh4 Kf8 43. Qe4 Bxc3 44. Rxc3 Rd6 45. Re3 Qb8 46. Bg3 Qd8 47. Bxd6+ Qxd6 48. f6 Qxf6 49. Qe8+ Kg7 50. Rg3+ Kh6
51. Qe3+ Kh5 52. h4 Qxh4+ 53. Rh3
1-0

[Event "Munich 10122021"]
[Site "SchemingMind.com"]
[Date "2022.03.21"]
[Round "-"]
[White "Robert Bruce"]
[Black "William Lindberg"]
[Result "0-1"]
[WhiteCountry "SCO"]
[BlackCountry "USA"]
[WhiteElo "2363"]
[WhiteRD "69"]
[BlackElo "2388"]
[BlackRD "68"]
[GameID "721769"]

1. d4 d5 2. Bg5 Nc6 3. e3 f6 4. Bh4 e5 5. Bb5 h5 6. f3 exd4 7. Qxd4 a6 8. Bxc6+ bxc6 9. Ne2 Bd6 10. Bg3 Rb8
11. Bxd6 Qxd6 12. b3 Ne7 13. Nbc3 O-O 14. O-O Re8 15. Qf4 Nf5 16. e4 Nd4 17. Rad1 Nxe2+ 18. Nxe2 Qc5+ 19. Nd4 Re5 20. exd5 cxd5
21. Rfe1 Qd6 22. Qd2 Bd7 23. Rxe5 fxe5 24. Ne2 Be6 25. Nc3 c6 26. Na4 Bf7 27. Qc3 Bg6 28. Nc5 Re8 29. Re1 e4 30. fxe4 dxe4
31. Qe3 h4 32. a3 h3 33. g3 a5 34. c3 Re5 35. b4 Qd5 36. Ra1 Re8 37. Qd4 Qg5 38. Re1 axb4 39. axb4 e3 40. Nd3 Re4
41. Qd6 Qg4 42. Qb8+ Be8 43. Qa7 Qf3 44. Qa2+ Bf7 45. Qe2 Qxe2 46. Rxe2 Bc4 47. Nc5 Re7 48. Re1 Ra7 49. Ne6 Bxe6 50. Rxe3 Kf7
51. Re2 Ra1+ 52. Kf2 Rc1 53. c4 Bxc4 54. Rd2 Kf6 55. Rd4 Rc2+ 56. Ke3 Be6 57. Rf4+ Ke7 58. Rf2 Rc3+ 59. Kf4 Rc4+ 60. Ke5 Rxb4
61. Rd2 g6 62. Rc2 Bd5 63. Re2 Rc4 64. Re3 Rg4 65. Re1 Bg2 66. Re3 c5 67. Rb3 Re4+ 68. Kd5 Rb4+
0-1

[Event "Munich 10122021"]
[Site "SchemingMind.com"]
[Date "2022.04.28"]
[Round "-"]
[White "frankly"]
[Black "Derek Price"]
[Result "1-0"]
[WhiteCountry "ENG"]
[BlackCountry "ENG"]
[WhiteElo "2561"]
[WhiteRD "75"]
[BlackElo "2377"]
[BlackRD "72"]
[GameID "723046"]

1. d4 d5 2. c4 c6 3. Nf3 Nf6 4. Nc3 e6 5. Bg5 h6 6. Bxf6 Qxf6 7. e3 Nd7 8. Be2 g6 9. O-O Bg7 10. cxd5 exd5
11. b4 O-O 12. b5 Qd6 13. Rc1 Nb6 14. a4 Qa3 15. h4 h5 16. bxc6 bxc6 17. Nb1 Qb4 18. a5 Nc4 19. Bxc4 dxc4 20. Nbd2 Be6
21. Ne4 Bd5 22. Nc5 Rfe8 23. Qd2 Qb8 24. Ng5 Bh6 25. Rfe1 f5 26. Rb1 Qd8 27. e4 fxe4 28. Rb7 Re7 29. a6 Qd6 30. Rxe7 Qxe7
31. f3 e3 32. Rxe3 Qd6 33. Qe1 Rf8 34. Kh1 Bxg5 35. hxg5 Qf4 36. Nd7 Rf7 37. Nf6+ Kg7 38. Ne8+ Kh7 39. Re5 Kg8 40. Kg1 h4
41. Nf6+ Kg7 42. Ne8+ Kf8= 43. Nf6 Kg7 44. Qe3 Qxe3+ 45. Rxe3 Rf8 46. Re7+ Rf7 47. Re1 Rf8 48. Kf2 Kf7 49. Nd7 Rd8 50. Ne5+ Kg7
51. Rb1 c3 52. Rc1 Rb8 53. Rxc3 Rb6 54. Ra3 Rb4 55. Ra1 Rxd4 56. Rb1 c5 57. Rc1 Rd2+ 58. Kf1 c4 59. Nxc4 Ra2 60. Ne5 Rxa6
61. Kf2 Kf8 62. Rc7 Kg8 63. Rc8+ Kg7 64. Rc5 Ba2 65. Rb5 Kg8 66. Rb4 Re6 67. Nd7 Ra6 68. Rxh4 Ra5 69. Nf6+ Kf7 70. Rh7+ Ke6
71. Rg7 Kf5 72. Nh7 Bc4 73. Kg3 Ra2 74. Rc7 Bf1 75. Rf7+ Ke6 76. Rf6+ Kd5 77. Rxg6 Rxg2+ 78. Kf4 a5 79. Nf6+ Kc4 80. Ng4 Kc5
81. Rg8 Bd3 82. g6 Bxg6 83. Rxg6 a4 84. Ra6 Kb4 85. Ke4 a3 86. Ne5 Kb3 87. Nc4 a2 88. Kd3 Rg8 89. Ra3+ Kb4 90. Rxa2 Rd8+
91. Ke4 Kxc4 92. f4 Re8+ 93. Kf5 Rb8 94. Kf6 Rb6+ 95. Kg5 Rb1 96. f5 Rg1+ 97. Kf6 Rf1 98. Ke6 Re1+ 99. Kf7 Kd5 100. f6 Kd6
101. Kf8 Rg1 102. f7 Kc6 103. Rh2 Kc7 104. Rh7 Kd6 105. Rg7 Rf1 106. Kg8
1-0

[Event "Munich 10122021"]
[Site "SchemingMind.com"]
[Date "2022.04.28"]
[Round "-"]
[White "Derek Price"]
[Black "frankly"]
[Result "0-1"]
[WhiteCountry "ENG"]
[BlackCountry "ENG"]
[WhiteElo "2383"]
[WhiteRD "72"]
[BlackElo "2541"]
[BlackRD "78"]
[GameID "723047"]

1. c4 e5 2. Nc3 Nf6 3. Nf3 Nc6 4. g3 d5 5. cxd5 Nxd5 6. Bg2 Bc5 7. O-O O-O 8. d3 h6 9. Nxd5 Qxd5 10. Nd2 Qd8
11. Nc4 Be6 12. Bxc6 bxc6 13. Be3 Bd6 14. Qc2 f5 15. f3 Bd5 16. Bd2 f4 17. Kh1 Qd7 18. Rg1 g5 19. g4 Kf7 20. Rg2 Qe6
21. Rf1 Ke7 22. Be1 Kd7 23. b3 Rh8 24. Rfg1 Rag8 25. Nd2 a5 26. Ne4 Qe7 27. Bxa5 h5 28. Be1 hxg4 29. Rxg4 Be6 30. R4g2 Rh6
31. h4 Qh7 32. Qc3 Qh8 33. a4 Be7 34. Nc5+ Bxc5 35. Qxc5 Rhg6 36. Bc3 Rh6 37. Be1 g4 38. Rxg4 Bxg4 39. fxg4 Qf6 40. Kh2 Qg5
41. Qf2 Rgh8 42. Kh3 Rxh4+ 43. Qxh4 Rxh4+ 44. Bxh4 Qg6 45. b4 c5 46. bxc5 Qc6 47. g5 Qxc5 48. Rg2 Ke8 49. g6 Kf8 50. g7+ Kg8
51. Kh2 Qd4 52. Bf2 Qb4 53. Rg5 Qb2 54. a5 Qxe2 55. Kg2 Qxd3 56. Rxe5 Kxg7 57. Rc5 Kg6 58. Re5 f3+ 59. Kg3 Qd6 60. Kf4 c5
61. Bxc5 Qf6+ 62. Ke4 f2 63. Bxf2 Qxf2 64. Kd5 Kf6 65. Re6+ Kf7 66. Re5 Qf4 67. a6 Qf6 68. a7 Qa6 69. Rf5+ Kg6 70. Re5 Qxa7
71. Re6+ Kf5 72. Re5+ Kf4 73. Re4+ Kf3 74. Re6 Qa2+ 75. Ke5 Qc4 76. Kd6 Kf4 77. Rf6+ Ke4 78. Re6+ Kd4 79. Rf6 Qd5+ 80. Ke7 Ke5
81. Rg6 Qb7+ 82. Ke8 Qc7 83. Rh6 Kf5 84. Kf8 Qa7 85. Kg8 Qd7 86. Rh3 Kg6 87. Rg3+ Kh6
0-1

[Event "Munich 10122021"]
[Site "SchemingMind.com"]
[Date "2022.10.14"]
[Round "-"]
[White "frankly"]
[Black "AussieMossie"]
[Result "1-0"]
[WhiteCountry "ENG"]
[BlackCountry "AUS"]
[WhiteElo "2608"]
[WhiteRD "76"]
[BlackElo "2597"]
[BlackRD "91"]
[GameID "727492"]

1. e4 c5 2. Nf3 e6 3. d4 cxd4 4. Nxd4 Nc6 5. Nc3 Qc7 6. Be3 a6 7. Qd2 Nf6 8. O-O-O Be7 9. f3 b5 10. g4 Nxd4
11. Bxd4 Bb7 12. Kb1 O-O 13. Qf2 d5 14. g5 Nh5 15. exd5 b4 16. Bb6 Qe5 17. Ne4 Bxd5 18. Rg1 Qb8 19. Bd3 g6 20. Bd4 Rd8
21. b3 Bc6 22. h4 a5 23. Nf6+ Bxf6 24. gxf6 a4 25. Bb2 a3 26. Ba1 Rd7 27. Qe3 Qf4 28. Qc5 Bd5 29. Rde1 Qxh4 30. Rh1 Qg3
31. Be5 Qxf3 32. Qxb4 Bc6 33. Rhf1 Qh3 34. Qc5 Bb7 35. Qe3 Qh4 36. Kc1 Rad8 37. Re2 Rd5 38. Rh2 Qb4 39. Rxh5 Rxd3 40. cxd3 gxh5
41. Rg1+ Kf8 42. Kb1 Ba6 43. d4 Ke8 44. Ka1 Kd7 45. d5 exd5 46. Bc3
1-0

[Event "Munich 10122021"]
[Site "SchemingMind.com"]
[Date "2022.10.15"]
[Round "-"]
[White "AussieMossie"]
[Black "frankly"]
[Result "1/2-1/2"]
[WhiteCountry "AUS"]
[BlackCountry "ENG"]
[WhiteElo "2629"]
[WhiteRD "93"]
[BlackElo "2589"]
[BlackRD "73"]
[GameID "727493"]

1. e4 e5 2. Nf3 Nc6 3. Bb5 a6 4. Ba4 Nf6 5. O-O Be7 6. Re1 b5 7. Bb3 O-O 8. c3 d5 9. exd5 Nxd5 10. Nxe5 Nxe5
11. Rxe5 c6 12. d4 Bd6 13. Re1 Qh4 14. g3 Qh3 15. Be3 Ra7 16. a4 Re7 17. Bxd5 cxd5 18. axb5 Bg4 19. Qd3 f5 20. Qf1 f4
21. Qxh3 Bxh3 22. Bd2 Rxe1+ 23. Bxe1 axb5 24. Nd2 Re8 25. Nb3 h5 26. Bd2 h4 27. Re1 Rf8 28. gxh4 Rf6 29. Kh1 Rg6 30. Rg1 Bg4
31. h3 Bf3+ 32. Kh2 Rh6 33. Bc1 Be4 34. Rg4 Bf5 35. Rg5 g6 36. h5 Be7 37. Rxf5 gxf5 38. Bxf4 Rxh5 39. Nc5 Kf7 40. Na6 Bh4
41. Nc7 Bxf2 42. Nxb5 Rh4 43. Be5 f4 44. Nc7 f3 45. Bg3 Bxg3+ 46. Kxg3 Rf4 47. Kf2 Rf5 48. h4 Ke7 49. Na6 Rf4 50. h5 Kd6
51. Nb4 Rh4 52. Kxf3 Rxh5 53. Nd3 Kc6 54. Nf2 Kb5 55. b3 Rh2 56. Ke3 Kc6 57. Nd3 Kd6 58. Nc5 Rh3+ 59. Kd2 Kc6 60. Nd3 Rh2+
61. Ke3 Rh3+ 62. Ke2 Kd6 63. Kd2 Rg3 64. Kc2 Rg2+ 65. Kc1 Rg4 66. Kc2 Rg2+ 67. Kd1 Kc7 68. Nb4 Kd6 69. Nd3 Rg8 70. Ne1=
1/2-1/2

[Event "Munich 10122021"]
[Site "SchemingMind.com"]
[Date "2023.01.07"]
[Round "-"]
[White "frankly"]
[Black "William Lindberg"]
[Result "1/2-1/2"]
[WhiteCountry "ENG"]
[BlackCountry "USA"]
[WhiteElo "2566"]
[WhiteRD "82"]
[BlackElo "2373"]
[BlackRD "65"]
[GameID "730109"]

1. d4 d5 2. c4 e6 3. Nf3 Nf6 4. Nc3 Bb4 5. Bg5 O-O 6. e3 h6 7. Bh4 c5 8. cxd5 exd5 9. dxc5 Nbd7 10. Rc1 Nxc5
11. Qd4 Bxc3+ 12. Qxc3 Nce4 13. Bxf6 Nxf6 14. Be2 Ne4 15. Qb4 b6 16. O-O Bb7 17. Rfd1 Rc8 18. Rxc8 Bxc8 19. a3 Bb7 20. Rc1 a5
21. Qb5 g6 22. Bd3 Qd6 23. Bxe4 dxe4 24. Nd4 Kg7 25. Qb3 h5 26. Rc4 Kg8 27. Qc2 Rd8 28. h3 Bd5 29. Rc7 Rd7 30. Rc8+ Kh7
31. Rc3 h4 32. Qd2 f5 33. Qd1 Bb7 34. Rc1 Qe7 35. Qb3 Qd6 36. Qb5 Bd5 37. Rc3 Kh6= 38. Rc8 Kh7 39. Qe2 Qe7 40. Qb5 Rd8
41. Rc2 Qd6 42. Qe2 Qe5 43. Qa6 Qd6 44. Rd2 Rd7 45. Qb5 Qc7 46. Rc2 Qd6 47. Rc3 Bb7 48. Rc2=
1/2-1/2